Top 20 Fantasy Football players 2021 - Statistics

General Stats
  • This quiz has been taken 45 times
  • The average score is 18 of 20
Answer Stats
Total Points Scored Team Answer % Correct
402.58 Bills Josh Allen
100%
320.56 Cowboys Dak Prescott
97%
312.6 Eagles Jalen Hurts
97%
314.24 Bengals Joe Burrow
97%
380.76 Chargers Justin Herbert
97%
300.48 Cardnals Kyler Murray
97%
361.66 Chiefs Patrick Mahomes
97%
332.3 Packers Aaron Rodgers
95%
294.5 Rams Cooper Kupp
95%
300.34 Vikings Kirk Cousins
95%
329.74 Rams Matthew Stafford
95%
374.74 Buccaneers Tom Brady
95%
256.96 Raiders Derek Carr
89%
245.9 Bengals Joe Mixon
89%
273.8 Chargers Austin Ekeler
87%
261.96 49ers Deebo Samuel
87%
333.1 Colts Jonathan Taylor
87%
268.36 Titans Ryan Tannehill
87%
242.82 Seahawks Russell Wilson
82%
258.02 Colts Carson Wentz
55%
No matching quizzes found
Score Distribution
Percent of People with Each Score
Percentile by Number Answered
Your Score History
You have not taken this quiz